[Event "COL-ch sf"]
[Site "Pereira"]
[Date "2024.03.27"]
[Round "4"]
[White "Zuluaga Alzate, Gustavo"]
[Black "Agudelo, Carlos Hernan"]
[Result "1-0"]
[WhiteElo "1742"]
[BlackElo "1963"]
[PlyCount "59"]
[EventDate "2024.03.26"]
[EventType "swiss"]
[EventRounds "11"]
[EventCountry "COL"]
[SourceTitle "CB14_2024"]
[SourceDate "2024.04.01"]
[SourceVersion "1"]
[SourceVersionDate "2024.04.01"]
[SourceQuality "1"]

1. c4 f5 2. d3 Nf6 3. Nc3 e5 4. g3 Bc5 5. e3 Nc6 6. Bg2 0-0 7. Nge2 a6 8. 0-0 d6 9. a3 Ba7 10. b4 Ne7 11. Bb2 c6 12. Rc1 Qe8 13. d4 Qh5 14. b5 Be6 15. dxe5 dxe5 16. Qd6 Bxc4 17. Qxe7 Bxe2 18. Nxe2 Qxe2 19. Qxe5 Rae8 20. Qc3 Qxb5 21. Rfd1 Rf7 22. Bf1 Qb6 23. Bc4 Nd5 24. Bxd5 cxd5 25. Rxd5 Qg6 26. Qd3 Qg5 27. Rd7 Rxd7 28. Qxd7 Rd8 29. Qxb7 Bxe3 30. Qb3+ 1-0

[Event "COL-ch sf"]
[Site "Pereira"]
[Date "2024.03.26"]
[Round "1"]
[White "Bolanos Lopez, Juan Jacobo"]
[Black "Zuluaga Alzate, Gustavo"]
[Result "1-0"]
[WhiteElo "2075"]
[BlackElo "1742"]
[PlyCount "77"]
[EventDate "2024.03.26"]
[EventType "swiss"]
[EventRounds "11"]
[EventCountry "COL"]
[SourceTitle "CB14_2024"]
[SourceDate "2024.04.01"]
[SourceVersion "1"]
[SourceVersionDate "2024.04.01"]
[SourceQuality "1"]

1. e4 e5 2. Nf3 Nf6 3. d4 Nxe4 4. Bd3 d5 5. Nxe5 Nd7 6. Nxd7 Bxd7 7. 0-0 Be7 8. c4 Nf6 9. Nc3 c6 10. Qb3 Qb6 11. cxd5 Qxb3 12. axb3 Nxd5 13. Nxd5 cxd5 14. Re1 f6 15. Bd2 Kf7 16. h4 h5 17. Rec1 Bd6 18. Be2 a6 19. Bf3 Be6 20. g3 g6 21. Ra5 b6 22. Raa1 Ke7 23. Be2 a5 24. Bd3 Bf7 25. Rc6 Rab8 26. Re1+ Be6 27. Bxg6 Kd7 28. Rxd6+ Kxd6 29. Bf4+ Kd7 30. Bxb8 Rxb8 31. Bxh5 Rc8 32. Kg2 Rc2 33. Re2 Rc8 34. Kf3 Rh8 35. Bg4 f5 36. Bh3 Kd6 37. Kf4 Rh5 38. Re5 Bd7 39. Bxf5 1-0

[Event "Manizales Feria op 29th"]
[Site "Manizales"]
[Date "2024.01.08"]
[Round "6"]
[White "Zuluaga Alzate, Gustavo"]
[Black "Pereira Vera, Henry Alberto"]
[Result "0-1"]
[WhiteElo "1578"]
[BlackElo "1739"]
[PlyCount "64"]
[EventDate "2024.01.05"]
[EventType "swiss"]
[EventRounds "7"]
[EventCountry "COL"]
[SourceTitle "CB02_2024"]
[SourceDate "2024.01.10"]
[SourceVersion "1"]
[SourceVersionDate "2024.01.10"]
[SourceQuality "1"]

1. c4 e5 2. g3 Nf6 3. Bg2 Nc6 4. Nc3 Bb4 5. Nd5 Bc5 6. e3 0-0 7. Ne2 Re8 8. Nxf6+ Qxf6 9. 0-0 d6 10. Nc3 Qg6 11. Na4 Bf5 12. Qf3 Bd3 13. Re1 Bxc4 14. b3 Be6 15. Nxc5 dxc5 16. Ba3 Rad8 17. Qe2 e4 18. Bxc5 Ne5 19. Bd4 Bg4 20. Qb5 Nf3+ 21. Bxf3 exf3 22. Rac1 Qh6 23. h4 c6 24. Qg5 Qxg5 25. hxg5 Rd5 26. Red1 Rxg5 27. Rc5 Rxc5 28. Bxc5 Re5 29. Rc1 Rh5 30. Be7 g5 31. Rc4 f5 32. Rxg4 fxg4 0-1

[Event "Pereira GP op 2nd"]
[Site "Pereira"]
[Date "2023.10.22"]
[Round "4"]
[White "Agudelo, Carlos Hernan"]
[Black "Zuluaga Alzate, Gustavo"]
[Result "1/2-1/2"]
[WhiteElo "1953"]
[BlackElo "1566"]
[PlyCount "102"]
[EventDate "2023.10.21"]
[EventType "swiss"]
[EventRounds "6"]
[EventCountry "COL"]
[SourceTitle "Mega2024 Update 01"]
[Source "Chessbase"]
[SourceDate "2023.11.12"]
[SourceVersion "1"]
[SourceVersionDate "2023.11.12"]
[SourceQuality "1"]

1. c4 Nf6 2. Nc3 e6 3. g3 d5 4. Bg2 c6 5. b3 Be7 6. Bb2 0-0 7. Qc2 Nbd7 8. Nf3 b6 9. d3 Bb7 10. e4 dxe4 11. dxe4 Qc7 12. 0-0 e5 13. Rad1 Rad8 14. Na4 Rfe8 15. a3 a5 16. Rd2 Bd6 17. Rfd1 Nf8 18. Nxb6 Bxa3 19. Rxd8 Rxd8 20. Rxd8 Qxd8 21. Bxa3 Qxb6 22. Nxe5 Ne6 23. c5 Qc7 24. Qc3 Qd8 25. Qd3 Qd4 26. Qxd4 Nxd4 27. f3 Nxb3 28. Bf1 Nd4 29. Bc4 Ne6 30. Kf2 Kf8 31. Ke3 Ke7 32. f4 Nd8 33. g4 h6 34. Bd3 Nd7 35. Nc4 Ba6 36. Nxa5 Bxd3 37. Kxd3 g6 38. Kc4 Ke6 39. Nb3 Nf6 40. f5+ Kd7 41. e5 Nxg4 42. e6+ fxe6 43. fxg6 Ne5+ 44. Kd4 Nxg6 45. Bc1 Nf7 46. Nd2 e5+ 47. Kc4 Ke6 48. Nb3 Ne7 49. Be3 Nf5 50. Bf2 h5 51. Na5 Nd8 1/2-1/2

[Event "Pereira GP op 2nd"]
[Site "Pereira"]
[Date "2023.10.21"]
[Round "3"]
[White "Zuluaga Alzate, Gustavo"]
[Black "Lopez Mahecha, Natalia"]
[Result "1-0"]
[WhiteElo "1566"]
[BlackElo "1352"]
[PlyCount "50"]
[EventDate "2023.10.21"]
[EventType "swiss"]
[EventRounds "6"]
[EventCountry "COL"]
[SourceTitle "Mega2024 Update 01"]
[Source "Chessbase"]
[SourceDate "2023.11.12"]
[SourceVersion "1"]
[SourceVersionDate "2023.11.12"]
[SourceQuality "1"]

1. c4 d5 2. cxd5 Qxd5 3. Nc3 Qd8 4. Nf3 c5 5. d3 Nf6 6. g3 g6 7. Bg2 Bg7 8. 0-0 0-0 9. Be3 Qc7 10. h3 b6 11. Bf4 e5 12. Bxe5 Qe7 13. Nb5 Nd5 14. Bd6 Qd7 15. Bxf8 Kxf8 16. Qb3 a6 17. Nc3 Nxc3 18. bxc3 Qc7 19. Rab1 Be6 20. Qxb6 Qxb6 21. Rxb6 Nd7 22. Rb7 Bxc3 23. Ng5 Ke7 24. Bc6 Rd8 25. Bxd7 Rxd7 1-0

[Event "Pereira Fiestas de la Cosecha op"]
[Site "Pereira"]
[Date "2023.08.26"]
[Round "5"]
[White "Munera Garcia, Lina Marcela"]
[Black "Zuluaga Alzate, Gustavo"]
[Result "0-1"]
[WhiteElo "1107"]
[BlackElo "1578"]
[PlyCount "46"]
[EventDate "2023.08.24"]
[EventType "swiss"]
[EventRounds "7"]
[EventCountry "COL"]
[SourceTitle "EXT 2024"]
[Source "ChessBase"]
[SourceDate "2023.10.10"]
[SourceVersion "1"]
[SourceVersionDate "2023.10.10"]
[SourceQuality "1"]

1. e4 e5 2. Nf3 Nf6 3. Nc3 Bb4 4. Bd3 d6 5. a3 Ba5 6. b4 Bb6 7. 0-0 Bg4 8. h3 Bh5 9. g4 Bg6 10. Nh4 Nxe4 11. Bxe4 Bxe4 12. Nxe4 Qxh4 13. Qf3 Nc6 14. c3 d5 15. Ng3 Qxh3 16. d3 0-0-0 17. g5 Kb8 18. Qxf7 Qxg3+ 19. Kh1 Qh4+ 20. Kg2 Rhf8 21. Qxg7 Bxf2 22. Rh1 Qg3+ 23. Kf1 Qg4 0-1

[Event "Manizales op 28th"]
[Site "Manizales"]
[Date "2023.01.09"]
[Round "8"]
[White "Zuluaga Alzate, Gustavo"]
[Black "Torres Calle, Raul Fernando"]
[Result "1-0"]
[WhiteElo "1582"]
[BlackElo "1875"]
[PlyCount "46"]
[EventDate "2023.01.05"]
[EventType "swiss"]
[EventRounds "8"]
[EventCountry "COL"]
[SourceTitle "CBM 212 Extra"]
[Source "ChessBase"]
[SourceDate "2023.03.31"]
[SourceVersion "1"]
[SourceVersionDate "2023.03.31"]
[SourceQuality "1"]

1. c4 g6 2. g3 Bg7 3. Bg2 c6 4. e3 e6 5. Ne2 d5 6. 0-0 f5 7. Qc2 Nf6 8. Nbc3 0-0 9. b3 Na6 10. a3 e5 11. cxd5 cxd5 12. Bb2 Ne4 13. d4 Nxc3 14. Nxc3 e4 15. Rfe1 Be6 16. Rac1 h5 17. h4 g5 18. Qe2 Bf7 19. hxg5 Qxg5 20. Bh3 h4 21. Kh2 Bh5 22. Qf1 hxg3+ 23. fxg3 Bf3 1-0

[Event "Manizales op 28th"]
[Site "Manizales"]
[Date "2023.01.07"]
[Round "5"]
[White "Gallego Perez, Alejandro"]
[Black "Zuluaga Alzate, Gustavo"]
[Result "1/2-1/2"]
[WhiteElo "1754"]
[BlackElo "1582"]
[PlyCount "67"]
[EventDate "2023.01.05"]
[EventType "swiss"]
[EventRounds "8"]
[EventCountry "COL"]
[SourceTitle "CBM 212 Extra"]
[Source "ChessBase"]
[SourceDate "2023.03.31"]
[SourceVersion "1"]
[SourceVersionDate "2023.03.31"]
[SourceQuality "1"]

1. e4 e5 2. Nf3 Nf6 3. d4 Nxe4 4. Bd3 d5 5. Nxe5 Nd7 6. Nxf7 Qe7 7. Qe2 Kxf7 8. Qh5+ Ke6 9. Bxe4 dxe4 10. Nc3 Nf6 11. d5+ Kd7 12. Qe2 Kd8 13. Bg5 Qf7 14. 0-0-0 Bd6 15. Nxe4 Re8 16. Nxd6 cxd6 17. Qd3 h6 18. Be3 Qc7 19. f3 Bd7 20. Bf4 Rc8 21. Rd2 g5 22. Qg6 Ng8 23. Bxd6 Qb6 24. g3 Rf8 25. Re1 Bf5 26. Qg7 Qxd6 27. Re6 Qc5 28. b4 Qxb4 29. d6 Qa3+ 30. Kb1 Qb4+ 31. Kc1 Qa3+ 32. Kb1 Qb4+ 33. Kc1 Qa3+ 34. Kb1 1/2-1/2

[Event "Manizales op 28th"]
[Site "Manizales"]
[Date "2023.01.05"]
[Round "1"]
[White "Zapata Cuartas, Juan Carlos"]
[Black "Zuluaga Alzate, Gustavo"]
[Result "1-0"]
[WhiteElo "1975"]
[BlackElo "1582"]
[PlyCount "91"]
[EventDate "2023.01.05"]
[EventType "swiss"]
[EventRounds "8"]
[EventCountry "COL"]
[SourceTitle "CBM 212 Extra"]
[Source "ChessBase"]
[SourceDate "2023.03.31"]
[SourceVersion "1"]
[SourceVersionDate "2023.03.31"]
[SourceQuality "1"]

1. d4 Nf6 2. c4 e6 3. Nf3 b6 4. g3 Bb7 5. Bg2 d5 6. 0-0 Be7 7. Nc3 0-0 8. Ne5 Nbd7 9. Bf4 Rc8 10. Nb5 a6 11. Na7 Ra8 12. Nac6 Qe8 13. Nxe7+ Qxe7 14. Rc1 c5 15. dxc5 Nxc5 16. b4 Ncd7 17. Nxd7 Qxd7 18. cxd5 Bxd5 19. e4 Bc6 20. Qxd7 Bxd7 21. Bc7 b5 22. Rfd1 Rac8 23. g4 h6 24. h4 Be8 25. g5 hxg5 26. hxg5 Nd7 27. Bd6 Rc4 28. Bxf8 Kxf8 29. Rxc4 bxc4 30. Bf1 Ne5 31. f4 Nc6 32. a3 e5 33. Bxc4 Nd4 34. Rxd4 exd4 35. Bxa6 Bc6 36. Bd3 Ke7 37. b5 Ba8 38. Kf2 Kd6 39. Ke2 f6 40. g6 Bb7 41. a4 Kc5 42. a5 Bc8 43. a6 Kb6 44. Bc4 Bg4+ 45. Kd3 Bh5 46. Bf7 1-0

[Event "COL-ch U1700"]
[Site "Pereira"]
[Date "2022.02.19"]
[Round "7"]
[White "Sanchez Aragon, Michael Alejandro"]
[Black "Zuluaga Alzate, Gustavo"]
[Result "1/2-1/2"]
[WhiteElo "1387"]
[BlackElo "1622"]
[PlyCount "115"]
[EventDate "2022.02.16"]
[EventType "swiss"]
[EventRounds "9"]
[EventCountry "COL"]
[SourceTitle "CBM 207 Extra"]
[Source "ChessBase"]
[SourceDate "2022.05.31"]
[SourceVersion "1"]
[SourceVersionDate "2022.05.31"]
[SourceQuality "1"]

1. e4 e5 2. Nf3 Nf6 3. d4 Nxe4 4. dxe5 d5 5. Nbd2 Nc5 6. c4 Bf5 7. Nb3 Nxb3 8. Qxb3 Na6 9. cxd5 Bb4+ 10. Bd2 Bxd2+ 11. Nxd2 0-0 12. Bxa6 bxa6 13. Qf3 Qd7 14. 0-0 Rab8 15. b3 Rb5 16. Nc4 Rxd5 17. Rfd1 Be4 18. Qe2 Bd3 19. Qf3 Bxc4 20. bxc4 Rd4 21. Qe2 Rd8 22. Rxd4 Qxd4 23. Rb1 h6 24. e6 fxe6 25. Qxe6+ Kh8 26. h3 Rf8 27. Rf1 Qb6 28. Qxb6 axb6 29. Rc1 Rd8 30. Rc2 Rd6 31. c5 Rc6 32. Kf1 Re6 33. cxb6 cxb6 34. Re2 Rd6 35. Ke1 Kg8 36. Rd2 Rc6 37. Kd1 Kf7 38. Rd3 b5 39. Kd2 Kf6 40. Rf3+ Ke7 41. Re3+ Kd7 42. Rd3+ Rd6 43. Rxd6+ Kxd6 44. Kc3 Kc5 45. f4 a5 46. g4 Kd5 47. Kd3 b4 48. h4 a4 49. h5 b3 50. axb3 axb3 51. g5 b2 52. Kc2 Ke4 53. gxh6 gxh6 54. Kxb2 Kxf4 55. Kc2 Kg4 56. Kd2 Kxh5 57. Ke1 Kg4 58. Kf1 1/2-1/2

[Event "COL-ch U1700"]
[Site "Pereira"]
[Date "2022.02.18"]
[Round "5"]
[White "Tipiani Martinez, Paula Sofia"]
[Black "Zuluaga Alzate, Gustavo"]
[Result "1/2-1/2"]
[WhiteElo "1283"]
[BlackElo "1622"]
[PlyCount "144"]
[EventDate "2022.02.16"]
[EventType "swiss"]
[EventRounds "9"]
[EventCountry "COL"]
[SourceTitle "CBM 207 Extra"]
[Source "ChessBase"]
[SourceDate "2022.05.31"]
[SourceVersion "1"]
[SourceVersionDate "2022.05.31"]
[SourceQuality "1"]

1. e4 e5 2. Nf3 Nf6 3. Nxe5 d6 4. Nf3 Nxe4 5. Qe2 Qe7 6. d3 Nf6 7. Qxe7+ Bxe7 8. Nc3 Bg4 9. Be2 0-0 10. Be3 Nc6 11. h3 Bh5 12. 0-0-0 a6 13. g4 Bg6 14. Nh4 Nb4 15. Nxg6 hxg6 16. h4 Nfd5 17. Nxd5 Nxd5 18. Bd2 c6 19. h5 g5 20. h6 g6 21. c4 Nf4 22. Bf1 Bf6 23. Bxf4 gxf4 24. Bg2 Rfe8 25. h7+ Kh8 26. Bf3 Re7 27. d4 Rae8 28. d5 c5 29. Kc2 Bd4 30. Rdf1 g5 31. Rh2 Re1 32. Rxe1 Rxe1 33. b3 Ra1 34. Be4 Rxa2+ 35. Kd1 Rxf2 36. Rxf2 Bxf2 37. Ke2 Bd4 38. Bf5 b6 39. Bc8 Kxh7 40. Bxa6 Kg6 41. Bc8 Kf6 42. Bf5 Ke5 43. Kf3 Bb2 44. Bd7 Bc1 45. Bf5 Kd4 46. Bd7 Kc3 47. Ba4 Be3 48. Ke4 f6 49. Kf3 Bd4 50. Ke4 Be5 51. Kf3 Kd4 52. Bd7 Kc3 53. Ba4 Kd2 54. Bd7 Ke1 55. Bf5 Kd2 56. Bd7 Kc3 57. Ba4 Kb4 58. Ke4 f5+ 59. gxf5 g4 60. f6 f3 61. f7 Bg7 62. Ke3 Kc3 63. Kf2 Kb4 64. Kg3 Ka5 65. Kf2 Kb4 66. Kg3 Kc3 67. Kf2 Kd2 68. Bd7 Kc3 69. Ba4 Kb4 70. Kg3 Bf8 71. Kf2 Be7 72. Kg3 Bf8 1/2-1/2

[Event "Manizales op 27th"]
[Site "Manizales"]
[Date "2022.01.08"]
[Round "5"]
[White "Sanchez Barreto, Josue Efrain"]
[Black "Zuluaga Alzate, Gustavo"]
[Result "1/2-1/2"]
[WhiteElo "1213"]
[BlackElo "1650"]
[PlyCount "47"]
[EventDate "2022.01.06"]
[EventType "swiss"]
[EventRounds "8"]
[EventCountry "COL"]
[SourceTitle "CBM 206 Extra"]
[Source "ChessBase"]
[SourceDate "2022.03.31"]
[SourceVersion "1"]
[SourceVersionDate "2022.03.31"]
[SourceQuality "1"]

1. Nf3 Nf6 2. d4 d5 3. e3 Bf5 4. Bd3 Bxd3 5. Qxd3 c6 6. Nbd2 Nbd7 7. 0-0 e6 8. c3 Bd6 9. e4 dxe4 10. Nxe4 Nxe4 11. Qxe4 Nf6 12. Qd3 0-0 13. Bg5 Be7 14. Rad1 Nd5 15. Bxe7 Qxe7 16. Rfe1 Nf4 17. Qd2 Qf6 18. Re4 Nxg2 19. Ne5 Nh4 20. Rg4 Nf3+ 21. Nxf3 Qxf3 22. Rg3 Qd5 23. Rg5 Qd6 24. Rxg7+ 1/2-1/2

[Event "Manizales op 27th"]
[Site "Manizales"]
[Date "2022.01.07"]
[Round "3"]
[White "Arroyo Bravo, Jaime Humberto"]
[Black "Zuluaga Alzate, Gustavo"]
[Result "0-1"]
[WhiteElo "1600"]
[BlackElo "1650"]
[PlyCount "54"]
[EventDate "2022.01.06"]
[EventType "swiss"]
[EventRounds "8"]
[EventCountry "COL"]
[SourceTitle "CBM 206 Extra"]
[Source "ChessBase"]
[SourceDate "2022.03.31"]
[SourceVersion "1"]
[SourceVersionDate "2022.03.31"]
[SourceQuality "1"]

1. d4 d5 2. Bf4 Bf5 3. e3 Nf6 4. h3 e6 5. Nf3 Nbd7 6. Nbd2 Be7 7. Bh2 c5 8. c3 0-0 9. Bb5 a6 10. Ba4 b5 11. Bc2 Bxc2 12. Qxc2 Rc8 13. 0-0 Qb6 14. Rfe1 Rfe8 15. a4 b4 16. a5 Qb7 17. Reb1 cxd4 18. exd4 Qc6 19. Qb3 Qb5 20. Ra4 bxc3 21. bxc3 Qd3 22. c4 dxc4 23. Rxc4 Qxb3 24. Rxb3 Rxc4 25. Nxc4 Rc8 26. Ncd2 Nd5 27. g4 N7f6 0-1

[Event "Pereira Pelaez Memorial"]
[Site "Pereira"]
[Date "2021.06.06"]
[Round "4"]
[White "Zuluaga Alzate, Gustavo"]
[Black "Pinillo Canon, Silvana"]
[Result "0-1"]
[WhiteElo "1704"]
[BlackElo "1749"]
[PlyCount "74"]
[EventDate "2021.06.04"]
[EventType "swiss"]
[EventRounds "7"]
[EventCountry "COL"]
[SourceTitle "CBM 202 Extra"]
[Source "ChessBase"]
[SourceDate "2021.07.31"]
[SourceVersion "1"]
[SourceVersionDate "2021.07.31"]
[SourceQuality "1"]

1. c4 e6 2. g3 Nf6 3. Bg2 d5 4. cxd5 exd5 5. d4 Bd6 6. Nf3 0-0 7. 0-0 Re8 8. Nc3 c6 9. h3 h6 10. Re1 Bf5 11. Bd2 Nbd7 12. Rc1 Rc8 13. Qb3 Nb6 14. Na4 Nxa4 15. Qxa4 a6 16. Bb4 Bb8 17. Nd2 Qd7 18. Kh2 Ne4 19. Nxe4 Bxe4 20. Bf1 Qf5 21. Kg1 Re6 22. Bg2 Bxg2 23. Kxg2 Qe4+ 24. Kg1 Qxd4 25. Qb3 Rg6 26. Bc5 Qe5 27. Kg2 Re8 28. Rcd1 Qe4+ 29. Kh2 Qe5 30. Rd3 Qc7 31. Bb6 Qd7 32. Rf3 Rge6 33. Qd3 Re4 34. e3 Rh4 35. Qf1 Rh5 36. e4 Rxe4 37. Rd1 Reh4 0-1

[Event "Pereira op-B"]
[Site "Pereira"]
[Date "2021.02.28"]
[Round "6"]
[White "Zuluaga Alzate, Gustavo"]
[Black "Arias Arias, Yeison"]
[Result "1-0"]
[WhiteElo "1706"]
[BlackElo "1653"]
[PlyCount "71"]
[EventDate "2021.02.25"]
[EventType "swiss"]
[EventRounds "7"]
[EventCountry "COL"]
[SourceTitle "EXT 2022"]
[Source "ChessBase"]
[SourceDate "2021.10.06"]
[SourceVersion "1"]
[SourceVersionDate "2021.10.06"]
[SourceQuality "1"]

1. c4 e5 2. g3 c6 3. Bg2 Nf6 4. Nc3 d5 5. cxd5 cxd5 6. d3 Nc6 7. Bg5 d4 8. Ne4 Bb4+ 9. Bd2 0-0 10. Bxb4 Nxb4 11. Qa4 a5 12. Nxf6+ gxf6 13. a3 Nd5 14. Nf3 Be6 15. Rc1 Qb6 16. Rc2 Ne3 17. fxe3 Bb3 18. Qd7 Bxc2 19. Qh3 Qe6 20. g4 Kg7 21. Nh4 Rg8 22. Nf5+ Kf8 23. Qh6+ Ke8 24. Ng7+ Rxg7 25. Qxg7 Ke7 26. 0-0 Rc8 27. Be4 Rf8 28. Bxh7 Ba4 29. Be4 b5 30. h4 dxe3 31. h5 b4 32. axb4 axb4 33. h6 Rh8 34. Bf5 Qd6 35. Be4 Rc8 36. h7 1-0

[Event "Pereira Risaraldense Cup-D"]
[Site "Pereira"]
[Date "2021.01.24"]
[Round "8"]
[White "Galvis, Augusto"]
[Black "Zuluaga Alzate, Gustavo"]
[Result "1/2-1/2"]
[WhiteElo "1783"]
[BlackElo "1705"]
[PlyCount "57"]
[EventDate "2021.01.20"]
[EventType "tourn"]
[EventRounds "9"]
[EventCountry "COL"]
[SourceTitle "CBM 200 Extra"]
[Source "ChessBase"]
[SourceDate "2021.03.31"]
[SourceVersion "1"]
[SourceVersionDate "2021.03.31"]
[SourceQuality "1"]

1. c4 Nf6 2. Nc3 e6 3. d4 Bb4 4. h3 b6 5. Bf4 Bb7 6. e3 Ne4 7. Rc1 f5 8. Nf3 0-0 9. Be2 d6 10. 0-0 Bxc3 11. bxc3 Qe7 12. Nd2 Nxd2 13. Qxd2 Nc6 14. Rfd1 Rad8 15. a4 Na5 16. Qa2 h6 17. d5 e5 18. Bh2 Rfe8 19. f3 Ba6 20. c5 Bxe2 21. cxd6 cxd6 22. Qxe2 Rc8 23. Bg3 Rc7 24. Be1 Rec8 25. Rc2 Qf6 26. Rdc1 Rc4 27. Ra1 Nb3 28. Ra3 Na5 29. Kf1 1/2-1/2

[Event "Pereira Risaraldense Cup-D"]
[Site "Pereira"]
[Date "2021.01.23"]
[Round "6"]
[White "Londono Lopez, Donaldo Eliuver"]
[Black "Zuluaga Alzate, Gustavo"]
[Result "1-0"]
[WhiteElo "1849"]
[BlackElo "1705"]
[PlyCount "161"]
[EventDate "2021.01.20"]
[EventType "tourn"]
[EventRounds "9"]
[EventCountry "COL"]
[SourceTitle "CBM 200 Extra"]
[Source "ChessBase"]
[SourceDate "2021.03.31"]
[SourceVersion "1"]
[SourceVersionDate "2021.03.31"]
[SourceQuality "1"]

1. e4 e5 2. Nf3 Nf6 3. Nxe5 d6 4. Nf3 Nxe4 5. d4 d5 6. Bd3 Nc6 7. 0-0 Be7 8. c4 Nb4 9. Be2 dxc4 10. Bxc4 0-0 11. Nc3 Nxc3 12. bxc3 Nd5 13. Re1 Be6 14. Qd3 c6 15. Rb1 b5 16. Bb3 Nc7 17. Ne5 Qe8 18. Bc2 f5 19. a4 a6 20. Qg3 Bd6 21. Bh6 Bxe5 22. Rxe5 Qd7 23. Rbe1 Rae8 24. Bc1 Rf6 25. Qe3 Qf7 26. axb5 axb5 27. Qe2 Qd7 28. Bb1 Bf7 29. Rxe8+ Qxe8 30. Qxe8+ Nxe8 31. Bf4 Re6 32. Kf1 Rxe1+ 33. Kxe1 Bd5 34. f3 g6 35. Kd2 Kf7 36. Ke3 Ke6 37. Be5 g5 38. h4 h6 39. Bd3 Nf6 40. g3 Ne8 41. Bf1 Nf6 42. Be2 Ne8 43. Kf2 Nf6 44. Kg1 Ne8 45. Kf1 Nf6 46. Bc7 g4 47. fxg4 fxg4 48. Be5 h5 49. Bxf6 Kxf6 50. Kf2 Be4 51. Ke3 Kf5 52. Bf1 Bd5 53. Bd3+ Kf6 54. Kf4 Be6 55. Be4 Bd7 56. Bg2 Be8 57. Ke3 Ke6 58. d5+ cxd5 59. Kd4 Kd6 60. Bxd5 Bg6 61. Bg2 Bf7 62. Bf1 Be8 63. Bd3 Kc6 64. Bc2 Kd6 65. Bb3 Bg6 66. c4 bxc4 67. Bxc4 Be8 68. Ke4 Kc5 69. Bg8 Bg6+ 70. Ke5 Be8 71. Be6 Kc6 72. Kf6 Kd6 73. Bg8 Kc6 74. Bh7 Kd6 75. Bg6 Bd7 76. Bxh5 Kc5 77. Bg6 Kd4 78. h5 Ke3 79. h6 Kf3 80. h7 Kxg3 81. h8Q 1-0

[Event "COL-ch U1800"]
[Site "Villamaria"]
[Date "2019.11.04"]
[Round "6"]
[White "Zuluaga Alzate, Gustavo"]
[Black "Vanegas Montoya, Daniel Andres"]
[Result "1/2-1/2"]
[WhiteElo "1720"]
[BlackElo "1600"]
[PlyCount "66"]
[EventDate "2019.11.01"]
[EventType "swiss"]
[EventRounds "7"]
[EventCountry "COL"]
[SourceTitle "CBM 193 Extra"]
[Source "ChessBase"]
[SourceDate "2020.01.31"]
[SourceVersion "1"]
[SourceVersionDate "2020.01.31"]
[SourceQuality "1"]

1. c4 Nf6 2. g3 c5 3. Nf3 Nc6 4. Bg2 g6 5. Nc3 Bg7 6. 0-0 0-0 7. e3 e6 8. d4 cxd4 9. Nxd4 a6 10. Rb1 Qc7 11. b3 Rd8 12. Bb2 Rb8 13. Qe2 b6 14. Rbd1 Bb7 15. Nxc6 Bxc6 16. e4 d6 17. f4 Qb7 18. Rd2 Rd7 19. Rfd1 Rbd8 20. a4 h5 21. h3 Qc7 22. b4 Bb7 23. b5 a5 24. Ba3 Ne8 25. Rc2 Rc8 26. Nb1 d5 27. exd5 exd5 28. c5 bxc5 29. Rxc5 Qb6 30. Kh2 Nf6 31. Rxc8+ Bxc8 32. Rc1 Rc7 33. Rxc7 Qxc7 1/2-1/2

[Event "COL-ch U1800"]
[Site "Villamaria"]
[Date "2019.11.03"]
[Round "5"]
[White "Molina Valdes, Luisa Fernanda"]
[Black "Zuluaga Alzate, Gustavo"]
[Result "1-0"]
[WhiteElo "1568"]
[BlackElo "1720"]
[PlyCount "139"]
[EventDate "2019.11.01"]
[EventType "swiss"]
[EventRounds "7"]
[EventCountry "COL"]
[SourceTitle "CBM 193 Extra"]
[Source "ChessBase"]
[SourceDate "2020.01.31"]
[SourceVersion "1"]
[SourceVersionDate "2020.01.31"]
[SourceQuality "1"]

1. e4 c5 2. Nc3 a6 3. g3 Nc6 4. Bg2 Nf6 5. Nf3 d6 6. d3 g6 7. h3 Bg7 8. Be3 e5 9. 0-0 0-0 10. Nh4 Be6 11. Ne2 Nd4 12. Bxd4 cxd4 13. f4 exf4 14. Nxf4 Bd7 15. Nf3 Re8 16. Kh2 Qb6 17. Rb1 Rac8 18. Qd2 h6 19. c3 dxc3 20. bxc3 Qc7 21. Ne2 Nh5 22. Rfc1 Bc6 23. Nfd4 Kh7 24. Qb2 Be5 25. Nxc6 bxc6 26. Qb7 a5 27. Qxc7 Rxc7 28. Rb6 Ra8 29. d4 Bh8 30. Rcb1 Raa7 31. Rb8 c5 32. g4 Ng7 33. d5 f5 34. R1b6 Rd7 35. Rc6 Rab7 36. Rxd6 Rxd6 37. Rxb7 fxe4 38. Bxe4 Rf6 39. Kg3 Kg8 40. Nf4 Ne8 41. Bxg6 Nd6 42. Rd7 Bg7 43. Rd8+ Bf8 44. Ne6 Rxg6 45. Rxf8+ Kh7 46. Nxc5 h5 47. Rf4 hxg4 48. hxg4 Nb5 49. c4 Nc3 50. Rf2 Nd1 51. Rh2+ Kg8 52. Re2 Nc3 53. Re8+ Kf7 54. Ra8 Nxa2 55. Rxa5 Nc3 56. Nb7 Ne4+ 57. Kf4 Nf2 58. c5 Nxg4 59. Nd6+ Kg8 60. Kf5 Rg7 61. Ne8 Ne3+ 62. Ke6 Rg6+ 63. Nf6+ Kg7 64. Ra7+ Kh6 65. Rh7+ Kg5 66. Rh5+ Kf4 67. c6 Rg7 68. d6 Nc2 69. c7 Nd4+ 70. Kd5 1-0